Moral Development. Moral Education, and Kohlberg (Record no. 17821)

MARC details
000 -LEADER
fixed length control field 00642nam a2200241 a 4500
020 ## - INTERNATIONAL STANDARD BOOK NUMBER
ISBN 0819356
082 00 - DEWEY DECIMAL CLASSIFICATION NUMBER
Classification number 370.114
Author Cutter MUN
100 ## - MAIN ENTRY--AUTHOR NAME
Author name Munsey, Brenda
245 ## - TITLE STATEMENT
Title Moral Development. Moral Education, and Kohlberg
260 ## - PUBLICATION, DISTRIBUTION, ETC. (IMPRINT)
Place of publication Birmingham
Name of publisher Religious Education Press
Year of publication 1980
300 ## - PHYSICAL DESCRIPTION
Number of Pages 477p
500 ## - GENERAL NOTE
General note includes index and biblioraphy
505 2# - FORMATTED CONTENTS NOTE
Formatted contents note Subject Index, Name Index
650 ## - SUBJECT ADDED ENTRY--TOPICAL TERM
Topical Term Moral Development
942 ## - ADDED ENTRY ELEMENTS (KOHA)
Koha item type Books
700 1# -
-- Munsey, Brenda
Holdings
Collection code Home library Current library Date acquired Cost, normal purchase price Full call number Accession Number Koha item type
  Henry Martyn Institute Library Henry Martyn Institute Library 06/05/2007 100.00 370.114 MUN 11001313 Books
                   Copyright © 2026 | Henry Martyn Institute | Hyderabad | TS-500052 | INDIA | Implemented by hmi.edu.in
Hit-Count:

Powered by Koha